[Event "British Columbia-ch U20"]
[Site "Vancouver CAN"]
[Date "2001.11.10"]
[Round "1"]
[White "Davies, Lucas"]
[Black "Goutor, Yaroslav"]
[Result "1-0"]
[WhiteElo "1924"]
[BlackElo "1603"]
[PlyCount "117"]
[GameId "2160767911484925"]
[EventDate "2001.11.10"]
[EventType "swiss"]
[EventRounds "5"]
[EventCountry "CAN"]
[SourceTitle "EXT 2022"]
[Source "ChessBase"]
[SourceDate "2021.10.06"]
[SourceVersion "1"]
[SourceVersionDate "2021.10.06"]
[SourceQuality "1"]

1. e4 e5 2. Nf3 Nc6 3. Bc4 Bc5 4. c3 Nf6 5. d3 h6 6. Nbd2 d6 7. h3 O-O 8. Nf1 a6 9. Bb3 Ne7 10. Ng3 Ba7 11. O-O b5 12. Be3 c5 13. Qd2 Kh7 14. d4 exd4 15. cxd4 c4 16. Bc2 Ng6 17. e5 dxe5 18. dxe5 Qxd2 19. Bxd2 Nd5 20. Be4 Bb7 21. e6 Rab8 22. exf7 Rxf7 23. Bxg6+ Kxg6 24. Ne5+ Kf6 25. Nxf7 Kxf7 26. Nf5 Rd8 27. Be3 Nxe3 28. Nxe3 Be4 29. Rad1 Bd3 30. Ng4 Bd4 31. Rfe1 Bxb2 32. Ne5+ Bxe5 33. Rxe5 c3 34. Re3 c2 35. Rc1 Bg6 36. f3 Rd1+ 37. Re1 Rd4 38. Kf2 b4 39. Re2 Rd1 40. Rcxc2 Bxc2 41. Rxc2 Rd5 42. Ke3 a5 43. Ke4 Ke6 44. Rc6+ Rd6 45. Rxd6+ Kxd6 46. Kd4 g5 47. g3 Kc6 48. Kc4 h5 49. h4 gxh4 50. gxh4 Kd6 51. Kb5 Kd5 52. Kxa5 Ke5 53. Kxb4 Kf4 54. a4 Kxf3 55. a5 Kg4 56. a6 Kxh4 57. a7 Kg3 58. a8=Q h4 59. Qh1 1-0

[Event "British Columbia-ch U20"]
[Site "Vancouver CAN"]
[Date "2001.11.10"]
[Round "2"]
[White "Atkinson, Gavin"]
[Black "Bau, Lawrence"]
[Result "1-0"]
[WhiteElo "1710"]
[BlackElo "1575"]
[PlyCount "63"]
[GameId "2160767911484926"]
[EventDate "2001.11.10"]
[EventType "swiss"]
[EventRounds "5"]
[EventCountry "CAN"]
[SourceTitle "EXT 2022"]
[Source "ChessBase"]
[SourceDate "2021.10.06"]
[SourceVersion "1"]
[SourceVersionDate "2021.10.06"]
[SourceQuality "1"]

1. c4 d6 2. d4 Nf6 3. Nc3 c5 4. d5 g6 5. e4 Bg7 6. f4 Bg4 7. Be2 Bxe2 8. Qxe2 Nbd7 9. Nf3 O-O 10. O-O Rb8 11. Kh1 Nb6 12. Be3 Ng4 13. Bg1 Qd7 14. h3 Nf6 15. Bh2 Na4 16. Nxa4 Qxa4 17. e5 Ne8 18. b3 Qd7 19. Ng5 h6 20. Ne4 Rc8 21. Rae1 a6 22. g4 e6 23. dxe6 Qxe6 24. f5 Qd7 25. Rd1 Rc6 26. Qd2 g5 27. f6 Bh8 28. Rf5 Qe6 29. Rxg5+ hxg5 30. Qxg5+ Bg7 31. fxg7 Nxg7 32. Nf6+ 1-0

[Event "British Columbia-ch U20"]
[Site "Vancouver CAN"]
[Date "2001.11.10"]
[Round "2"]
[White "Daswani, Benedict"]
[Black "Sadoway, Graham"]
[Result "1-0"]
[WhiteElo "1763"]
[BlackElo "1605"]
[PlyCount "69"]
[GameId "2160767911484927"]
[EventDate "2001.11.10"]
[EventType "swiss"]
[EventRounds "5"]
[EventCountry "CAN"]
[SourceTitle "EXT 2022"]
[Source "ChessBase"]
[SourceDate "2021.10.06"]
[SourceVersion "1"]
[SourceVersionDate "2021.10.06"]
[SourceQuality "1"]

1. d4 b6 2. c4 Bb7 3. Nc3 e6 4. e4 Be7 5. Bd3 Nf6 6. Nf3 d5 7. cxd5 exd5 8. e5 Nfd7 9. Bf4 c5 10. Qc2 g6 11. e6 Nf6 12. Ne5 O-O 13. exf7+ Rxf7 14. Nxf7 Kxf7 15. dxc5 bxc5 16. O-O-O Nc6 17. a3 Nd4 18. Qb1 Qb6 19. Qa2 Ne6 20. Be5 c4 21. Bc2 Qxf2 22. Bxf6 Bxf6 23. Nxd5 Qxg2 24. Rhg1 Qxh2 25. Nxf6 Kxf6 26. Qxc4 Rc8 27. Qd3 Ba6 28. Qe4 Rc4 29. Qf3+ Kg7 30. Rd7+ Kh6 31. Rxh7+ Kxh7 32. Qf7+ Kh8 33. Qe8+ Kg7 34. Rxg6+ Kh7 35. Qg8# 1-0

[Event "British Columbia-ch U20"]
[Site "Vancouver CAN"]
[Date "2001.11.10"]
[Round "2"]
[White "Meng, Fanhao"]
[Black "Wang, Yamei"]
[Result "1-0"]
[WhiteElo "1970"]
[BlackElo "1833"]
[PlyCount "41"]
[GameId "2160767911484928"]
[EventDate "2001.11.10"]
[EventType "swiss"]
[EventRounds "5"]
[EventCountry "CAN"]
[SourceTitle "EXT 2022"]
[Source "ChessBase"]
[SourceDate "2021.10.06"]
[SourceVersion "1"]
[SourceVersionDate "2021.10.06"]
[SourceQuality "1"]

1. e4 c6 2. d4 d5 3. e5 Bf5 4. Nf3 e6 5. Be2 Nd7 6. O-O c5 7. c4 dxc4 8. Na3 Nb6 9. Nxc4 Nxc4 10. Bxc4 Qb6 11. Qa4+ Ke7 12. dxc5 Qc7 13. Be3 Be4 14. Bb5 Bxf3 15. gxf3 a6 16. c6 b6 17. Rad1 Rd8 18. Qb4+ Ke8 19. Rxd8+ Qxd8 20. c7+ Qd7 21. c8=Q# 1-0

[Event "British Columbia-ch U20"]
[Site "Vancouver CAN"]
[Date "2001.11.11"]
[Round "3"]
[White "Bau, Lawrence"]
[Black "Sadoway, Graham"]
[Result "1-0"]
[WhiteElo "1575"]
[BlackElo "1605"]
[PlyCount "89"]
[GameId "2160767911484929"]
[EventDate "2001.11.10"]
[EventType "swiss"]
[EventRounds "5"]
[EventCountry "CAN"]
[SourceTitle "EXT 2022"]
[Source "ChessBase"]
[SourceDate "2021.10.06"]
[SourceVersion "1"]
[SourceVersionDate "2021.10.06"]
[SourceQuality "1"]

1. e4 b6 2. Nf3 Bb7 3. Nc3 e6 4. Be2 Be7 5. O-O Nf6 6. d3 d5 7. exd5 exd5 8. d4 O-O 9. Bf4 Nbd7 10. Re1 c5 11. Bf1 Ne4 12. Nb5 Ndf6 13. dxc5 bxc5 14. Nd2 c4 15. Nxe4 Nxe4 16. Nd4 Qb6 17. Be3 Bc5 18. c3 Rad8 19. Qc2 f5 20. f3 Nd6 21. Bf2 Rde8 22. Qd2 h6 23. Rab1 a6 24. Be2 Bxd4 25. Bxd4 Qc7 26. Bd1 Rxe1+ 27. Qxe1 Re8 28. Qf2 Nb5 29. Ba4 Qe7 30. Bxb5 axb5 31. Kf1 Kf7 32. Re1 Qd7 33. Rxe8 Qxe8 34. Qg3 g5 35. Qd6 Qe6 36. Qc7+ Qe7 37. Qb6 Bc8 38. Qxb5 Be6 39. a4 Qd6 40. h3 Qf4 41. Qb7+ Kg6 42. Ke2 g4 43. Qg7+ Kh5 44. Be3 gxf3+ 45. Kd2 1-0

[Event "British Columbia-ch U20"]
[Site "Vancouver CAN"]
[Date "2001.11.11"]
[Round "3"]
[White "Goutor, Valentina"]
[Black "Wilson, Jonathan1"]
[Result "0-1"]
[WhiteElo "1724"]
[BlackElo "1851"]
[PlyCount "123"]
[GameId "2160767911484930"]
[EventDate "2001.11.10"]
[EventType "swiss"]
[EventRounds "5"]
[EventCountry "CAN"]
[SourceTitle "EXT 2022"]
[Source "ChessBase"]
[SourceDate "2021.10.06"]
[SourceVersion "1"]
[SourceVersionDate "2021.10.06"]
[SourceQuality "1"]

1. e4 d6 2. d4 Nf6 3. Nc3 g6 4. h3 Bg7 5. Nf3 O-O 6. Be2 c6 7. Bg5 Qc7 8. Qd2 Re8 9. Bh6 Bh8 10. Ng5 b5 11. a3 Bb7 12. h4 a5 13. h5 b4 14. Nd1 c5 15. d5 Nbd7 16. hxg6 hxg6 17. Ne3 Ba6 18. a4 c4 19. Qd1 Rec8 20. Rb1 Nc5 21. f3 Nxa4 22. Kf1 Nb6 23. Qe1 c3 24. Bxa6 Rxa6 25. b3 Qc5 26. Qh4 Nh5 27. Nf5 Bf6 28. g4 Qb5+ 29. Ke1 Nf4 30. Rh2 Qc5 31. Nxe7+ Bxe7 32. Kf1 Bf6 33. Bf8 Kxf8 34. Nh7+ Ke8 35. Nxf6+ Kd8 36. Nh5+ Kc7 37. Nxf4 Kb7 38. Nd3 Qd4 39. Qf2 Qf6 40. f4 Raa8 41. Kg2 Rh8 42. Rbh1 Rxh2+ 43. Rxh2 Re8 44. e5 dxe5 45. fxe5 Qxf2+ 46. Kxf2 Nxd5 47. Rh7 Re7 48. Ke2 Kc6 49. Kf3 Kb5 50. Nf4 Nxf4 51. Kxf4 a4 52. bxa4+ Kxa4 53. e6 Rxe6 54. Rxf7 Ka3 55. Kg5 Kb2 56. Rf2 Ka3 57. Kh6 b3 58. cxb3 Kxb3 59. g5 c2 60. Rf6 Rxf6 61. gxf6 c1=Q+ 62. Kxg6 0-1

[Event "British Columbia-ch U20"]
[Site "Vancouver CAN"]
[Date "2001.11.11"]
[Round "3"]
[White "Jiganchine, Roman"]
[Black "Davies, Lucas"]
[Result "1-0"]
[WhiteElo "2253"]
[BlackElo "1924"]
[PlyCount "43"]
[GameId "2160767911484931"]
[EventDate "2001.11.10"]
[EventType "swiss"]
[EventRounds "5"]
[EventCountry "CAN"]
[SourceTitle "EXT 2022"]
[Source "ChessBase"]
[SourceDate "2021.10.06"]
[SourceVersion "1"]
[SourceVersionDate "2021.10.06"]
[SourceQuality "1"]

1. d4 Nf6 2. c4 e6 3. Nf3 Bb4+ 4. Nbd2 O-O 5. e3 c5 6. Bd3 d5 7. O-O cxd4 8. exd4 dxc4 9. Nxc4 Nc6 10. Nce5 Nxe5 11. dxe5 Ng4 12. Bxh7+ Kxh7 13. Ng5+ Kg8 14. Qxg4 Be7 15. Qh5 Bxg5 16. Bxg5 Qd4 17. Rae1 Qxb2 18. Re3 Qc2 19. Rh3 f6 20. exf6 gxf6 21. Qh8+ Kf7 22. Qxf6+ 1-0

[Event "British Columbia-ch U20"]
[Site "Vancouver CAN"]
[Date "2001.11.11"]
[Round "3"]
[White "Nathani, Kaleim"]
[Black "Meng, Fanhao"]
[Result "1-0"]
[WhiteElo "1882"]
[BlackElo "1970"]
[PlyCount "85"]
[GameId "2160767911484932"]
[EventDate "2001.11.10"]
[EventType "swiss"]
[EventRounds "5"]
[EventCountry "CAN"]
[SourceTitle "EXT 2022"]
[Source "ChessBase"]
[SourceDate "2021.10.06"]
[SourceVersion "1"]
[SourceVersionDate "2021.10.06"]
[SourceQuality "1"]

1. e4 e6 2. d4 d5 3. e5 c5 4. c3 Nc6 5. Nf3 Qb6 6. a3 c4 7. Nbd2 Na5 8. Be2 Bd7 9. Rb1 f6 10. O-O f5 11. Re1 Rc8 12. Bf1 Be7 13. Ng5 g6 14. f4 h6 15. Nh3 Kd8 16. Kh1 Rc7 17. Re3 g5 18. g3 Be8 19. Be2 g4 20. Nf2 Kc8 21. h3 gxh3 22. Bh5 Bxh5 23. Qxh5 Kb8 24. Qe8+ Rc8 25. Qf7 h5 26. Qg7 Rh6 27. Nxh3 Nb3 28. Ng5 Nxd4 29. cxd4 Qxd4 30. Ndf3 Qd1+ 31. Re1 Qd3 32. Be3 h4 33. Nf7 Bc5 34. Nxh6 Nxh6 35. Qxh6 Bxe3 36. Ng5 Bf2 37. Red1 Qxg3 38. Qxe6 Qxf4 39. Qd6+ Ka8 40. Qd7 Rb8 41. Rf1 a6 42. Qxd5 Qxg5 43. Rxf2 1-0

[Event "British Columbia-ch U20"]
[Site "Vancouver CAN"]
[Date "2001.11.12"]
[Round "4"]
[White "Bau, Lawrence"]
[Black "Nogayev, Glen"]
[Result "1-0"]
[WhiteElo "1575"]
[BlackElo "1481"]
[PlyCount "59"]
[GameId "2160767911484933"]
[EventDate "2001.11.10"]
[EventType "swiss"]
[EventRounds "5"]
[EventCountry "CAN"]
[SourceTitle "EXT 2022"]
[Source "ChessBase"]
[SourceDate "2021.10.06"]
[SourceVersion "1"]
[SourceVersionDate "2021.10.06"]
[SourceQuality "1"]

1. e4 c5 2. Nf3 d6 3. d4 cxd4 4. Nxd4 Nc6 5. Nc3 g6 6. Be3 Bg7 7. Qd2 Nf6 8. Nb3 O-O 9. Bh6 a5 10. Bxg7 Kxg7 11. Bb5 Qb6 12. a4 Nb4 13. O-O-O Be6 14. Nd4 Bd7 15. Bxd7 Nxd7 16. Ndb5 Rfc8 17. h4 Nc5 18. h5 Na2+ 19. Kb1 Nxc3+ 20. Qxc3+ f6 21. hxg6 hxg6 22. Qe3 Nxa4 23. Qh6+ Kf7 24. Qh7+ Ke6 25. Qh3+ Kf7 26. Qb3+ Kg7 27. Rh7+ Kxh7 28. Qf7+ Kh6 29. f4 Rc5 30. f5 1-0

[Event "British Columbia-ch U20"]
[Site "Vancouver CAN"]
[Date "2001.11.12"]
[Round "4"]
[White "Davies, Lucas"]
[Black "Wang, Yamei"]
[Result "0-1"]
[WhiteElo "1924"]
[BlackElo "1833"]
[PlyCount "70"]
[GameId "2160767911484934"]
[EventDate "2001.11.10"]
[EventType "swiss"]
[EventRounds "5"]
[EventCountry "CAN"]
[SourceTitle "EXT 2022"]
[Source "ChessBase"]
[SourceDate "2021.10.06"]
[SourceVersion "1"]
[SourceVersionDate "2021.10.06"]
[SourceQuality "1"]

1. e4 c6 2. d4 d5 3. exd5 cxd5 4. Bd3 Nf6 5. c3 Nc6 6. Bf4 g6 7. Nf3 Bg7 8. Nbd2 Bg4 9. h3 Bxf3 10. Nxf3 O-O 11. O-O Qb6 12. Rb1 Nd7 13. Re1 Rae8 14. Qd2 e5 15. dxe5 Ndxe5 16. Nxe5 Nxe5 17. Bc2 Qc6 18. Bxe5 Rxe5 19. Rxe5 Bxe5 20. Bb3 Rd8 21. Qe3 Bc7 22. Rd1 Rd6 23. Qf3 Rf6 24. Qxd5 Bb6 25. Rd2 Qe8 26. Kf1 Qe3 27. Kg1 Qe1+ 28. Kh2 Bxf2 29. Rxf2 Qxf2 30. Qxb7 Qf4+ 31. Kh1 Qg3 32. Bc4 Qf4 33. Bb3 Qh4 34. Qb5 Qe1+ 35. Kh2 Rf1 0-1

[Event "British Columbia-ch U20"]
[Site "Vancouver CAN"]
[Date "2001.11.12"]
[Round "4"]
[White "Sum, Peter"]
[Black "Davies, Noam"]
[Result "1/2-1/2"]
[WhiteElo "1492"]
[BlackElo "1700"]
[PlyCount "130"]
[GameId "2160767911484935"]
[EventDate "2001.11.10"]
[EventType "swiss"]
[EventRounds "5"]
[EventCountry "CAN"]
[SourceTitle "EXT 2022"]
[Source "ChessBase"]
[SourceDate "2021.10.06"]
[SourceVersion "1"]
[SourceVersionDate "2021.10.06"]
[SourceQuality "1"]

1. d4 Nf6 2. c4 g6 3. Nc3 d5 4. Bg5 Ne4 5. Bf4 Nxc3 6. bxc3 Bg7 7. e3 O-O 8. Nf3 c5 9. Qb3 dxc4 10. Bxc4 Nc6 11. O-O Na5 12. Qa4 Bd7 13. Bb5 Bxb5 14. Qxb5 cxd4 15. cxd4 a6 16. Qb4 e6 17. Rac1 Nc6 18. Qxb7 Ne7 19. Bg5 f6 20. Bf4 Rf7 21. Rc7 Qd5 22. Rb1 Qd8 23. Bd6 Bf8 24. Rb6 Nd5 25. Rxf7 Qxb6 26. Qxb6 Nxb6 27. Rxf8+ Rxf8 28. Bxf8 Kxf8 29. Nd2 Nd5 30. Nc4 Nc3 31. a3 Ke7 32. Kf1 Kd7 33. Ke1 Kc6 34. Nb2 Kb5 35. Nd3 Nb1 36. a4+ Kxa4 37. Nc5+ Kb4 38. Nxa6+ Kc4 39. Ke2 Nc3+ 40. Kf3 Kd5 41. Nb4+ Kd6 42. Nd3 f5 43. g3 Ne4 44. Kg2 Nf6 45. f3 Kd5 46. Nf4+ Kd6 47. Kh3 g5 48. Nd3 g4+ 49. Kg2 Nd5 50. Kf2 h5 51. Nf4 Nf6 52. Kg2 e5 53. dxe5+ Kxe5 54. h3 Kd6 55. hxg4 hxg4 56. Ng6 Kd5 57. Kf2 Ke6 58. Ke2 Kd5 59. Nh4 Ke5 60. Kd3 Nh5 61. fxg4 fxg4 62. Ng6+ Kf6 63. Nf4 Nxg3 64. Kd4 Nf5+ 65. Ke4 Nxe3 1/2-1/2

[Event "British Columbia-ch U20"]
[Site "Vancouver CAN"]
[Date "2001.11.12"]
[Round "4"]
[White "Tang, Tiffany"]
[Black "Goutor, Yaroslav"]
[Result "1-0"]
[WhiteElo "1319"]
[BlackElo "1603"]
[PlyCount "71"]
[GameId "2160767911484936"]
[EventDate "2001.11.10"]
[EventType "swiss"]
[EventRounds "5"]
[EventCountry "CAN"]
[SourceTitle "EXT 2022"]
[Source "ChessBase"]
[SourceDate "2021.10.06"]
[SourceVersion "1"]
[SourceVersionDate "2021.10.06"]
[SourceQuality "1"]

1. c4 c5 2. Nc3 Nf6 3. g3 Nc6 4. Bg2 e5 5. d3 d6 6. e3 Be7 7. Nge2 O-O 8. O-O Be6 9. Nd5 Bxd5 10. cxd5 Nb4 11. e4 a5 12. a3 Na6 13. Bd2 Nc7 14. Qa4 b5 15. Qc2 Qb8 16. b4 cxb4 17. axb4 a4 18. Rfc1 Rc8 19. Bh3 Qb6 20. Bxc8 Rxc8 21. Be3 Qb7 22. Qc6 Qxc6 23. Rxc6 Nfe8 24. Bb6 Ra8 25. Bxc7 Nxc7 26. Rxc7 Bg5 27. f4 Bf6 28. Rac1 g6 29. Rc8+ Rxc8 30. Rxc8+ Kg7 31. Rc2 exf4 32. gxf4 Ba1 33. Ra2 Bf6 34. d4 Bh4 35. Kf1 Be7 36. Nc3 1-0

[Event "British Columbia-ch U20"]
[Site "Vancouver CAN"]
[Date "2001.11.12"]
[Round "4"]
[White "Wilson, Jonathan1"]
[Black "Daswani, Benedict"]
[Result "1-0"]
[WhiteElo "1851"]
[BlackElo "1763"]
[PlyCount "121"]
[GameId "2160767911484937"]
[EventDate "2001.11.10"]
[EventType "swiss"]
[EventRounds "5"]
[EventCountry "CAN"]
[SourceTitle "EXT 2022"]
[Source "ChessBase"]
[SourceDate "2021.10.06"]
[SourceVersion "1"]
[SourceVersionDate "2021.10.06"]
[SourceQuality "1"]

1. e4 c5 2. Nf3 a6 3. d4 cxd4 4. Nxd4 Nf6 5. Bd3 d6 6. Nc3 b5 7. f4 Bb7 8. a3 e6 9. Be3 Be7 10. Qf3 O-O 11. g4 Nbd7 12. g5 Ne8 13. h4 e5 14. Nf5 exf4 15. Bxf4 Ne5 16. Qg3 Nxd3+ 17. Qxd3 Qd7 18. O-O-O Rd8 19. h5 Nc7 20. Qg3 Ne6 21. g6 fxg6 22. hxg6 Rxf5 23. gxh7+ Kh8 24. exf5 Nxf4 25. Qxf4 Bxh1 26. Rxh1 Rf8 27. Nd5 Qb7 28. Qe4 Bg5+ 29. Kb1 Qf7 30. Nf4 Bxf4 31. Qxf4 d5 32. Rf1 Kxh7 33. Qd6 Qf6 34. Qxd5 Qf7 35. Qd6 Qf6 36. Qd5 Qf7 37. Qc6 Qf6 38. Qb7 Kg8 39. Qd5+ Qf7 40. Qd3 Qe7 41. Qg3 Qf6 42. Qg2 Qe7 43. Ka2 Qf7+ 44. b3 Qf6 45. Qd5+ Qf7 46. Qd3 Qc7 47. Kb2 Qe7 48. a4 bxa4 49. Qxa6 axb3 50. Qc4+ Qf7 51. cxb3 Qxc4 52. bxc4 Kf7 53. Kc3 Rc8 54. Kd4 Rd8+ 55. Ke5 Rc8 56. Rf4 Ke7 57. Kd5 Rd8+ 58. Kc6 Rc8+ 59. Kb7 Rc5 60. Kb6 Kd6 61. Rd4+ 1-0

[Event "British Columbia-ch U20"]
[Site "Vancouver CAN"]
[Date "2001.11.12"]
[Round "5"]
[White "Davies, Lucas"]
[Black "Cheng, Louis"]
[Result "1-0"]
[WhiteElo "1924"]
[BlackElo "1829"]
[PlyCount "65"]
[GameId "2160767911484938"]
[EventDate "2001.11.10"]
[EventType "swiss"]
[EventRounds "5"]
[EventCountry "CAN"]
[SourceTitle "EXT 2022"]
[Source "ChessBase"]
[SourceDate "2021.10.06"]
[SourceVersion "1"]
[SourceVersionDate "2021.10.06"]
[SourceQuality "1"]

1. e4 c5 2. Nc3 d6 3. g3 Nf6 4. Bg2 Nc6 5. d3 e6 6. f4 a6 7. Nf3 Be7 8. O-O O-O 9. h3 Nh5 10. g4 Ng3 11. Re1 f5 12. Be3 g5 13. Qd2 e5 14. exf5 gxf4 15. Bf2 Kh8 16. Bxg3 fxg3 17. Nd5 Rg8 18. Qh6 Nb4 19. Nxb4 cxb4 20. Qe3 Bd7 21. d4 Rc8 22. dxe5 Rxc2 23. f6 Bf8 24. e6 Qxf6 25. exd7 d5 26. Qe5 Qxe5 27. Nxe5 Bc5+ 28. Kh1 Kg7 29. Nd3 Bb6 30. Re8 Rd2 31. Nf4 Rxb2 32. Nh5+ Kh8 33. Nf6 1-0

[Event "British Columbia-ch U20"]
[Site "Vancouver CAN"]
[Date "2001.11.12"]
[Round "5"]
[White "Meng, Fanhao"]
[Black "Jiganchine, Roman"]
[Result "1-0"]
[WhiteElo "1970"]
[BlackElo "2253"]
[PlyCount "61"]
[GameId "2160767911484939"]
[EventDate "2001.11.10"]
[EventType "swiss"]
[EventRounds "5"]
[EventCountry "CAN"]
[SourceTitle "EXT 2022"]
[Source "ChessBase"]
[SourceDate "2021.10.06"]
[SourceVersion "1"]
[SourceVersionDate "2021.10.06"]
[SourceQuality "1"]

1. e4 c6 2. d4 d5 3. e5 c5 4. dxc5 e6 5. Be3 Nd7 6. Bb5 Qc7 7. Nf3 Bxc5 8. Bxc5 Qxc5 9. Nc3 Ne7 10. Bd3 Ng6 11. Bxg6 hxg6 12. O-O b6 13. Re1 Ba6 14. Nd4 Rh5 15. f4 Ke7 16. Kh1 Rah8 17. h3 Rh4 18. Qd2 Kf8 19. Nf3 R4h5 20. Ne4 Qc7 21. Nd6 Ke7 22. a4 Qc5 23. b4 Qc7 24. Nd4 Bc4 25. N6b5 Bxb5 26. axb5 Ra8 27. Nc6+ Ke8 28. c4 Nb8 29. cxd5 Nxc6 30. dxc6 Rd8 31. Qa2 1-0

[Event "British Columbia-ch U20"]
[Site "Vancouver CAN"]
[Date "2001.11.12"]
[Round "5"]
[White "Wang, Yamei"]
[Black "Nathani, Kaleim"]
[Result "1-0"]
[WhiteElo "1833"]
[BlackElo "1882"]
[PlyCount "49"]
[GameId "2160767911484940"]
[EventDate "2001.11.10"]
[EventType "swiss"]
[EventRounds "5"]
[EventCountry "CAN"]
[SourceTitle "EXT 2022"]
[Source "ChessBase"]
[SourceDate "2021.10.06"]
[SourceVersion "1"]
[SourceVersionDate "2021.10.06"]
[SourceQuality "1"]

1. e4 d5 2. exd5 Nf6 3. d4 Bg4 4. Nf3 Qxd5 5. Be2 Nc6 6. Bf4 O-O-O 7. c3 Qe4 8. Be3 Qg6 9. Qa4 Kb8 10. Ne5 Nxe5 11. dxe5 Bxe2 12. Qxa7+ Kc8 13. Qa8+ Kd7 14. Qxb7 Qd3 15. Nd2 Nd5 16. e6+ Kxe6 17. Nb3 Kf6 18. Nc5 Qc4 19. Bd4+ Kg6 20. h4 Bh5 21. f3 e5 22. b3 Qxc5 23. Bxc5 Bxc5 24. Qc6+ Rd6 25. Qxc5 1-0

[Event "CAN-ch"]
[Site "Montreal CAN"]
[Date "2001.08.21"]
[Round "1"]
[White "Gaspariants, Vladimir"]
[Black "Spraggett, Kevin"]
[Result "0-1"]
[WhiteElo "2305"]
[BlackElo "2531"]
[PlyCount "114"]
[GameId "2160767911546901"]
[EventDate "2001.08.21"]
[EventType "swiss"]
[EventRounds "9"]
[EventCountry "CAN"]
[SourceTitle "The Week in Chess 355"]
[Source "Mark Crowther"]
[SourceDate "2001.08.27"]
[SourceVersion "1"]
[SourceVersionDate "2001.08.27"]
[SourceQuality "2"]

1. e4 c5 2. Nc3 e6 3. g3 d5 4. d3 d4 5. Nce2 Nc6 6. Bh3 g6 7. f4 Bg7 8. Nf3 Nge7 9. O-O f5 10. g4 O-O 11. Ng3 Qd6 12. gxf5 exf5 13. e5 Qc7 14. c4 dxc3 15. bxc3 Kh8 16. Ne2 Be6 17. Bg2 Rad8 18. Ng5 Bg8 19. Rf3 Nd5 20. Kh1 Rfe8 21. Qg1 b6 22. Ba3 Na5 23. Re1 Qd7 24. Bc1 Nc7 25. c4 Ne6 26. Nxe6 Bxe6 27. Re3 Nc6 28. a3 Nd4 29. Nxd4 Qxd4 30. Rh3 Qd7 31. Bb2 Kg8 32. Qf2 Re7 33. Rhe3 Bf8 34. Bf3 Rg7 35. Rg1 b5 36. Bc3 bxc4 37. dxc4 Qa4 38. Be2 Be7 39. Rd3 Rxd3 40. Bxd3 Qxa3 41. Qc2 Qa6 42. Bf1 Kf7 43. Be1 Rg8 44. h4 Rb8 45. h5 Rg8 46. Kh2 Qa3 47. Rg3 Qa1 48. Qf2 Qd4 49. Qf3 Rb8 50. hxg6+ hxg6 51. Rh3 Kg7 52. Bh4 Rb2+ 53. Bg2 Bxh4 54. Rxh4 Bxc4 55. Qc6 Qd8 56. Kh3 Rb3+ 57. Bf3 Bd5 0-1

[Event "CAN-ch"]
[Site "Montreal CAN"]
[Date "2001.08.21"]
[Round "1"]
[White "Lipnowski, Irwin"]
[Black "Ghannoum, Marc"]
[Result "0-1"]
[WhiteElo "2309"]
[BlackElo "2192"]
[PlyCount "68"]
[GameId "2160767911546907"]
[EventDate "2001.08.21"]
[EventType "swiss"]
[EventRounds "9"]
[EventCountry "CAN"]
[SourceTitle "The Week in Chess 355"]
[Source "Mark Crowther"]
[SourceDate "2001.08.27"]
[SourceVersion "1"]
[SourceVersionDate "2001.08.27"]
[SourceQuality "2"]

1. c4 e5 2. g3 c6 3. Bg2 d5 4. cxd5 cxd5 5. d3 Nc6 6. Nf3 Bb4+ 7. Nfd2 Nf6 8. O-O a5 9. Nc3 O-O 10. Nf3 Re8 11. Bg5 Be6 12. Nd2 Qd7 13. Bxf6 gxf6 14. a3 Bf8 15. e4 dxe4 16. dxe4 Rad8 17. Nd5 Bg7 18. Nc4 f5 19. Ncb6 Qd6 20. Qh5 Nd4 21. Nc4 Qa6 22. Nce3 Qe2 23. Qg5 h6 24. Nf6+ Kh8 25. Qh4 Rf8 26. exf5 Nxf5 27. Nxf5 Bxf5 28. b4 Rd4 29. g4 Bxg4 30. Rae1 Be6 31. Qg3 Qb2 32. Nh5 Rg4 33. Qe3 Bd5 34. f3 Qxg2# 0-1

[Event "CAN-ch"]
[Site "Montreal CAN"]
[Date "2001.08.21"]
[Round "1"]
[White "Reddy, Tyler"]
[Black "Mikanovic, Goran"]
[Result "0-1"]
[WhiteElo "2084"]
[BlackElo "2273"]
[PlyCount "138"]
[GameId "2160767911546910"]
[EventDate "2001.08.21"]
[EventType "swiss"]
[EventRounds "9"]
[EventCountry "CAN"]
[SourceTitle "The Week in Chess 355"]
[Source "Mark Crowther"]
[SourceDate "2001.08.27"]
[SourceVersion "1"]
[SourceVersionDate "2001.08.27"]
[SourceQuality "2"]

1. c4 e6 2. Nf3 c5 3. g3 b6 4. Bg2 Bb7 5. O-O Nf6 6. b3 Be7 7. Bb2 O-O 8. Na3 a6 9. Qc2 Be4 10. d3 Bc6 11. Rfd1 d6 12. Rac1 Nbd7 13. Qb1 Qb8 14. Nc2 Rc8 15. Qa1 b5 16. Ne3 Qb7 17. d4 cxd4 18. Bxd4 b4 19. h4 a5 20. Ng5 Bf8 21. Bxc6 Rxc6 22. Qb1 e5 23. Ba1 Rca6 24. Nd5 g6 25. Ne4 Ne8 26. Qd3 f5 27. Ng5 Nc5 28. Qf3 R8a7 29. e4 h6 30. Nh3 fxe4 31. Qg4 Qf7 32. h5 g5 33. Kg2 Nf6 34. Nxf6+ Qxf6 35. Qe2 Rf7 36. Ng1 a4 37. Rb1 axb3 38. axb3 Ra3 39. Rf1 Rxb3 40. Rxb3 Nxb3 41. Qb2 Nxa1 42. Qxa1 Qe6 43. Qa6 Rc7 44. Ra1 Qc8 45. Qb5 Qb7 46. Qe8 e3+ 47. f3 Rf7 48. Qe6 Kh8 49. c5 dxc5 50. Qxe5+ Kg8 51. Qxe3 Qd5 52. Ra2 g4 53. Rd2 Qxh5 54. f4 c4 55. Qe6 Qf5 56. Qxc4 Qc5 57. Qe6 Qf5 58. Qc4 Qf6 59. Re2 Qd6 60. Re6 Qd2+ 61. Ne2 Kg7 62. Qe4 Rf6 63. Qe5 Qd8 64. Nd4 Kg6 65. Qf5+ Kf7 66. Qh5+ Kg8 67. Qxg4+ Kh8 68. Qh4 Qd5+ 69. Kh2 Rxe6 0-1

[Event "CAN-ch"]
[Site "Montreal CAN"]
[Date "2001.08.21"]
[Round "1"]
[White "Yoos, John"]
[Black "Haessel, Dale"]
[Result "0-1"]
[WhiteElo "2360"]
[BlackElo "2205"]
[PlyCount "48"]
[GameId "2160767911546915"]
[EventDate "2001.08.21"]
[EventType "swiss"]
[EventRounds "9"]
[EventCountry "CAN"]
[SourceTitle "EXT 2002"]
[Source "ChessBase"]
[SourceDate "2001.11.25"]
[SourceVersion "1"]
[SourceVersionDate "2001.11.25"]
[SourceQuality "1"]

1. e4 c5 2. Nf3 d6 3. d4 cxd4 4. Nxd4 Nf6 5. Nc3 a6 6. Bg5 e6 7. Qd3 Nbd7 8. O-O-O h6 9. Bh4 b5 10. f4 Bb7 11. e5 dxe5 12. fxe5 Nxe5 13. Qg3 Qb8 14. Bxf6 gxf6 15. Ncxb5 axb5 16. Bxb5+ Ke7 17. Qc3 f5 18. Rhe1 Bg7 19. Nxf5+ exf5 20. Qc5+ Kf6 21. Rd6+ Kg5 22. h4+ Kg4 23. Be2+ Kg3 24. Qe3+ Bf3 0-1